MARC

LEADER 00000nam0a2200000 4500
001 363177
005 20231102011549.0
035 |a (RuTPU)RU\TPU\retro\20524 
090 |a 363177 
100 |a 20210921d1980 km y0rusy50 ca 
101 0 |a rus 
102 |a RU 
105 |a a z 001zy 
200 1 |a Ономастика Востока  |f Академия наук СССР, Институт этнографии им. Н. Н. Миклухо-Маклая ; Академия наук СССР, Институт востоковедения ; под ред. Э. М. Мурзаева, В. А. Никонова 
210 |a Москва  |c Наука  |d 1980 
215 |a 287 с.  |c ил., карта 
320 |a Библиогр. в конце ст. 
606 1 |a Ономастика  |2 stltpush  |3 (RuTPU)RU\TPU\subj\47008  |9 66077 
610 1 |a антропонимы 
610 1 |a топонимия 
610 1 |a этнонимы 
610 1 |a космонимия 
610 1 |a теонимия 
610 1 |a страны Востока 
610 1 |a имена личные 
610 1 |a географические названия 
610 1 |a Индия 
610 1 |a Монголия 
610 1 |a Китай 
610 1 |a Япония 
610 1 |a Австралия 
610 1 |a Дальний Восток 
686 |a Ш103  |v LBC/SL-A  |2 rubbk 
702 1 |a Мурзаев  |b Э. М.  |4 340 
702 1 |a Никонов  |b В. А.  |4 340 
712 0 2 |a Академия наук СССР  |b Институт этнографии им. Н. Н. Миклухо-Маклая  |c (Москва)  |c (1937-1991)  |2 stltpush  |3 (RuTPU)RU\TPU\col\14703  |9 25987 
712 0 2 |a Академия наук СССР  |b Институт востоковедения  |c (Москва)  |2 stltpush  |3 (RuTPU)RU\TPU\col\11263  |9 25002 
801 1 |a RU  |b 63413507  |c 20210921 
942 |c BK